[Event "Biel"]
[Site "40"]
[Date "2007.07.27"]
[Round "4"]
[White "Grischuk, Alexander"]
[Black "Pelletier, Yannick"]
[Result "1-0"]
[WhiteElo "2726"]
[BlackElo "2591"]
[Annotator "JvR"]
[PlyCount "107"]
[EventDate "2007.07.23"]
[SourceDate "2013.10.27"]

1. e4 c5 2. Nf3 e6 3. d4 cxd4 4. Nxd4 Nc6 5. Nc3 Qc7 6. Be2 Nf6 7. O-O Be7 8.
Be3 O-O 9. f4 d6 10. Kh1 Nxd4 11. Bxd4 e5 12. Be3 exf4 13. Bxf4 Be6 14. Qd3
Rfd8 15. Rad1 Ne8 $2 {Black makes a passive move.} ({Known is} 15... a6) 16.
Nd5 $1 Bxd5 17. Qxd5 Rac8 ({Not} 17... Qxc2 $2 18. Bc4) 18. c3 Nf6 19. Qb3 $1 {
Grischuk has calculated a trick.} Nxe4 20. Bg4 Ra8 21. Qxf7+ $1 Kxf7 22. Bxd6+
Bf6 23. Bxc7 Rxd1 24. Bh5+ $5 g6 25. Bxd1 {He gained a pawn.} Nd2 26. Re1 b5
27. Bf4 Nc4 28. Bb3 Re8 29. Rxe8 Kxe8 30. Bc1 {
White has an extra pawn and the two bishops in the endgame.} Kd7 31. Kg1 Kc6
32. Kf2 Kc5 33. Bc2 a5 34. a4 $6 ({Better is} 34. Ke2) 34... b4 $1 35. b3 Na3 (
35... Bxc3 36. bxc4 Kxc4 37. Bf4 b3 38. Be4 Kb4 39. Bd6+ $1 Kxa4 40. Bc6# {
mates elegantly.}) 36. Be3+ $2 (36. Be4 Bxc3 37. Kf3 Bf6 38. g4 {
gives a pawn, but keeps a great advantage.}) 36... Kd6 37. Bd3 $2 (37. Be4 $1
bxc3 38. Ke2 {plays for a win.}) 37... bxc3 $1 38. Bc1 Bd4+ $1 39. Kf3 Bc5 40.
Ke4 Ke6 {Black has created a fortress.} 41. g4 $1 h5 $2 {
He weakens the kingside.} ({The passive defence by} 41... Kd6 42. h4 Ke6 43. h5
Bb4 {offers better chances.}) 42. g5 Bb4 43. Kd4 Kf7 44. Kd5 Be7 45. Kc6 $1 Bb4
46. Kb6 Kg7 ({Or} 46... c2 47. Bb2 $1 {(Ftacnik).}) 47. Bxa3 $1 Bxa3 48. Kxa5
Bd6 49. h3 Be7 50. h4 Bd6 51. Kb5 Bg3 52. a5 Bxh4 53. a6 Bf2 54. Kc4 {
Black cannot stop the white pawns. Grischuk compensated his previous loss.} 1-0

[Event "Biel"]
[Site "40"]
[Date "2007.07.27"]
[Round "4"]
[White "Motylev, Alexander"]
[Black "Carlsen, Magnus"]
[Result "0-1"]
[WhiteElo "2648"]
[BlackElo "2710"]
[Annotator "JvR"]
[PlyCount "70"]
[EventDate "2007.07.23"]
[SourceDate "2013.10.27"]

1. e4 e5 2. Nf3 Nc6 3. Bb5 a6 4. Ba4 Nf6 5. O-O Be7 6. Re1 b5 7. Bb3 O-O 8. c3
d6 9. h3 Nb8 10. d4 Nbd7 11. Nbd2 Bb7 12. Bc2 Re8 13. Nf1 Bf8 14. Ng3 g6 15. b3
c6 16. a4 Bg7 17. Ba3 d5 $5 18. dxe5 Nxe5 19. Nxe5 Rxe5 20. f4 Re8 21. e5 Nd7
22. Bd6 c5 23. axb5 axb5 24. Rxa8 Bxa8 25. b4 cxb4 26. Bxb4 f6 27. Bb3 fxe5 $6
28. Bxd5+ Bxd5 29. Qxd5+ Kh8 30. f5 Qb6+ $6 31. Kh2 Nf6 32. Qf7 e4 33. fxg6 Qb8
34. gxh7 $6 Qe5 $2 35. Bd6 $4 {The tables turn.} (35. Qg6 $1 Re6 36. Kg1 $1
Nxh7 37. Qxe4 Qxe4 38. Rxe4 {wins for White.}) 35... Qxd6 {Carlsen was lucky.}
({Motylev had 'seen'} 35... Qxd6 36. Qxg7+ Kxg7 {
and Ng5+, but the last move is not allowed.}) 0-1

[Event "Biel"]
[Site "40"]
[Date "2007.07.27"]
[Round "4"]
[White "Onischuk, Alexander"]
[Black "Van Wely, Loek"]
[Result "1-0"]
[WhiteElo "2650"]
[BlackElo "2680"]
[Annotator "JvR"]
[PlyCount "57"]
[EventDate "2007.07.23"]
[SourceDate "2013.10.27"]

1. d4 d5 2. c4 c6 3. Nc3 Nf6 4. Nf3 e6 5. Bg5 dxc4 6. e4 b5 7. e5 h6 8. Bh4 g5
9. Nxg5 hxg5 10. Bxg5 Nbd7 11. exf6 Bb7 12. g3 c5 13. d5 Nxf6 14. Bg2 Bh6 15.
Bxf6 Qxf6 16. O-O O-O-O 17. Nxb5 a6 18. Nc3 exd5 19. Re1 Kb8 20. Na4 $5 {
White charges on the queenside.} Bf8 21. Rc1 $5 Bc6 $5 ({Better is} 21... Bd6 {
with the point} 22. b3 $2 Rxh2 $1 23. Kxh2 Qxf2) 22. b3 $1 Bh6 23. Rc2 Qd4 $2 (
23... Ka7 24. Rce2 Rhe8 {tries to survive.}) 24. Qb1 $1 Ka7 $2 25. bxc4 $1 Bxa4
26. Rb2 Rd6 ({Or} 26... Rd7 27. Bxd5 {(Onischuk).}) 27. Bxd5 Rxd5 28. Rb7+ Ka8
29. Qb6 $1 {Onischuk and Carlsen had scored two wins.} 1-0

[Event "Biel"]
[Site "40"]
[Date "2007.07.28"]
[Round "5"]
[White "Bu Xiangzhi"]
[Black "Motylev, Alexander"]
[Result "1-0"]
[WhiteElo "2685"]
[BlackElo "2648"]
[Annotator "JvR"]
[PlyCount "77"]
[EventDate "2007.07.23"]
[SourceDate "2013.10.27"]

1. Nf3 d5 2. d4 Nf6 3. c4 c6 4. Qc2 dxc4 5. Qxc4 Bf5 6. g3 e6 7. Bg2 Be7 8. O-O
O-O 9. Nc3 Nbd7 10. Re1 Bg6 11. e4 b5 12. Qxc6 b4 13. e5 Rc8 14. Qa6 bxc3 15.
exf6 Bxf6 $5 ({The alternative is} 15... Nxf6) 16. bxc3 Rxc3 17. Qxa7 {
White has gained a pawn.} Nb8 $6 ({Preferable is} 17... Rc7 18. Qa3 Be7 19. Qb3
Nf6) 18. Ne5 $1 Bxe5 19. dxe5 Nc6 20. Qa4 Qc7 21. Be3 $6 Rc8 $6 {
Black could have captured e5.} 22. Qb5 $6 Rb8 $1 23. Qa6 Bd3 24. Qa4 Bc2 25.
Qh4 Nb4 $6 (25... Nxe5 26. Bf4 f6 27. a4 Rc5 {
stops the passed pawn (Bu Xiangzhi).}) 26. Qd4 Nd3 27. Re2 $1 Bb1 28. h3 h5 29.
a4 Rcb3 {Black controls a lot of territory.} 30. a5 $1 {But White advances.}
R3b4 ({The pointe is} 30... R8b4 $1 31. a6 $3 Rxd4 32. Bxd4 Rb8 33. a7 {
and White wins.}) 31. Qd6 Qc3 32. Ra4 Qxe5 33. Qxe5 Nxe5 34. Rxb4 Rxb4 35. a6
Be4 36. Bxe4 Rxe4 37. a7 Ra4 38. Rc2 Nf3+ 39. Kf1 {The passed pawn will queen.}
1-0

[Event "Biel"]
[Site "40"]
[Date "2007.07.28"]
[Round "5"]
[White "Carlsen, Magnus"]
[Black "Onischuk, Alexander"]
[Result "1-0"]
[WhiteElo "2710"]
[BlackElo "2650"]
[Annotator "JvR"]
[PlyCount "75"]
[EventDate "2007.07.23"]
[SourceDate "2013.10.27"]

{The joint leaders meet in the fifth round.} 1. d4 Nf6 2. c4 e6 3. Nf3 d5 4.
Bg5 h6 5. Bxf6 Qxf6 6. Nc3 c6 7. Qb3 dxc4 8. Qxc4 Nd7 9. e3 g6 10. Be2 Bg7 11.
O-O O-O 12. Rfd1 $5 {White has a pleasant game.} e5 $1 13. Ne4 Qe7 14. d5 cxd5
15. Qxd5 Nb6 $6 (15... Nf6 $1 16. Qd6 {(Carlsen)} Qe6 $1 {equalises.}) 16. Qc5
Qxc5 17. Nxc5 Bg4 $6 ({Preferable is} 17... e4 $1 18. Nd4 f5) 18. h3 $1 Rac8
19. Nxb7 {White has gained a pawn.} Be6 20. b3 $1 Rc2 21. Bf1 Nd5 22. Bc4 Nc3
23. Rd2 Rxd2 24. Nxd2 e4 25. Kf1 Rb8 26. Nc5 Bxc4+ $5 27. Nxc4 Rb5 28. Na6 $1
Bf8 $6 (28... Kh7 {makes a waiting move.}) 29. b4 $1 Bxb4 $6 {
Other moves prolong the game.} 30. a4 Rb7 31. Rc1 $1 Nd5 32. Rb1 f5 $5 33. a5
Kg7 34. Ne5 f4 35. exf4 e3 36. fxe3 Nxe3+ 37. Kg1 Nd5 38. Kh1 {
Onischuk lost on time. Carlsen took the sole lead.} 1-0

[Event "Biel"]
[Site "40"]
[Date "2007.07.29"]
[Round "6"]
[White "Motylev, Alexander"]
[Black "Polgar, Judit"]
[Result "0-1"]
[WhiteElo "2648"]
[BlackElo "2707"]
[Annotator "JvR"]
[PlyCount "104"]
[EventDate "2007.07.23"]
[SourceDate "2013.10.27"]

1. e4 c5 2. Nf3 d6 3. d4 cxd4 4. Nxd4 Nf6 5. Nc3 a6 6. Bg5 e6 7. f4 Be7 8. Qf3
Qc7 9. O-O-O Nbd7 10. g4 b5 11. Bxf6 gxf6 12. a3 Bb7 13. h4 h6 $5 14. Rh2 $5
Nc5 15. Rhd2 h5 $5 16. g5 f5 17. Bd3 O-O-O 18. Qe3 fxe4 19. Bxe4 $5 {
Preferable is the capture by a knight.} d5 20. Bg2 Bd6 $1 21. Rf2 Kb8 22. Kb1
Rhe8 23. Rff1 Nd7 24. Nce2 Nb6 25. Ng3 Nc4 26. Qf3 Rc8 27. Nxh5 $2 Rh8 $1 28.
c3 Qa5 29. Rd3 (29. Nf6 $5 Rxh4 {favours Black.}) 29... e5 $1 30. fxe5 Nxe5 31.
Qf6 Qd8 $1 32. Nf4 $5 ({Or} 32. Qxd8 Rcxd8 33. Nf4 Nxd3 34. Nxd3 Rxh4 35. Rxf7
Rg4 {(Ftacnik).}) 32... Qxf6 33. gxf6 Nxd3 34. Nxd3 Rcg8 35. Bf3 Rh6 $1 36. Be2
Kc7 37. h5 Bc8 38. Kc1 $6 (38. Rh1 {offers more resistance.}) 38... Bg4 $1 39.
Bxg4 Rxg4 40. Nb4 Bxb4 41. axb4 Rxh5 42. Rf2 Kd6 43. Kb1 Rhg5 44. Nf5+ Ke6 45.
Nd4+ Kd7 46. Nb3 Rg2 47. Rf3 R5g3 48. Rf4 Rh3 49. Nc5+ Kd6 50. Rf1 Rhh2 51. Nd3
Rd2 52. Rf3 d4 $1 {Polgar has an extra exchange.} 0-1

[Event "Biel"]
[Site "40"]
[Date "2007.07.29"]
[Round "6"]
[White "Radjabov, Teimour"]
[Black "Avrukh, Boris"]
[Result "1-0"]
[WhiteElo "2746"]
[BlackElo "2645"]
[Annotator "JvR"]
[PlyCount "79"]
[EventDate "2007.07.23"]
[SourceDate "2013.10.27"]

1. e4 c5 2. Nf3 e6 3. d4 cxd4 4. Nxd4 a6 5. Be2 Qc7 6. O-O Nf6 7. Nc3 Nc6 8.
Be3 Be7 9. f4 d6 10. Kh1 O-O 11. a4 Rb8 12. Qe1 Bd7 13. Qg3 Kh8 14. a5 $5 {
White offers a pawn.} Nb4 $5 {He reacts shily.} (14... Nxa5 15. e5 Ne8 $1 16.
Ne4 {leads to chances for both sides.}) 15. Bg1 e5 $6 {
Black weakens the centre.} 16. fxe5 dxe5 17. Nf3 $1 Rbe8 18. Bb6 Qb8 19. Bd3
Bd6 $2 ({More solid is} 19... Bd8 $1 20. Bc5 Be7) 20. Bc4 $1 {
Radjabov has the initiative.} h6 21. Nh4 Nh5 ({Not} 21... Nxc2 $2 22. Rxf6 $1
gxf6 23. Rf1 {(Ftacnik).}) 22. Qf2 Nf4 23. g3 Be6 $1 24. gxf4 $1 Bxc4 25. Rg1
$1 Be7 $5 (25... Rg8 $1 26. Nf5 Nc6 27. Qh4 $1 Bf8 {offers more resistance.})
26. Nf5 $1 Bf6 27. Bc5 $5 Nc6 28. Ne3 Be6 29. f5 Bd7 30. Ncd5 Bg5 31. Bxf8 Rxf8
32. f6 $5 g6 33. Rad1 Be6 34. Nc4 $5 (34. Rxg5 $1 hxg5 35. Qg3 Kh7 36. Nf5 $1 {
wins quickly.}) 34... Rd8 35. c3 Kh7 36. Nce3 $6 Bf4 $6 37. Ng2 g5 38. Qf3 Qc8
$2 39. Ngxf4 exf4 40. Rxg5 $1 {Radjabov crushes the opposition.} ({Notice} 40.
Rxg5 $1 hxg5 41. Qh5+ Kg8 42. Qh6 {and mate in one.}) 1-0

[Event "Biel"]
[Site "40"]
[Date "2007.07.31"]
[Round "7"]
[White "Carlsen, Magnus"]
[Black "Pelletier, Yannick"]
[Result "0-1"]
[WhiteElo "2710"]
[BlackElo "2591"]
[Annotator "JvR"]
[PlyCount "96"]
[EventDate "2007.07.23"]
[SourceDate "2013.10.27"]

1. d4 Nf6 2. c4 e6 3. Nc3 Bb4 4. Qc2 O-O 5. a3 Bxc3+ 6. Qxc3 b6 7. Bg5 Bb7 8.
e3 c5 9. dxc5 bxc5 10. Ne2 a5 $5 11. Bxf6 $5 Qxf6 12. Qxf6 gxf6 13. O-O-O Rd8
14. Nc3 d6 15. Bd3 Kf8 16. Bxh7 $6 {Carlsen makes an odd effort to win.} f5 $1
17. e4 Kg7 18. exf5 Kxh7 19. fxe6 fxe6 20. Rhe1 Bxg2 21. Ne4 $2 ({Preferable is
} 21. Rg1 $1 Rg8 ({or} 21... Bf3 $2 22. Rd3 $1) 22. Rxd6 Ra6 23. Rd2) 21...
Bxe4 22. Rxe4 Ra7 $1 {Black refutes the white idea.} 23. Rxe6 ({The pointe is} 
23. Rg1 $2 Rg7 $1) 23... Rad7 {Black has a knight for two pawns.} 24. Rd3 Nc6
$1 25. Rh3+ Kg8 26. Rhh6 Ne5 27. f4 $5 {Magnus makes a desperate try.} Nxc4 $1
28. b3 Nxa3 29. Rhg6+ Kh8 30. Rh6+ Kg8 31. Rhg6+ Kh8 32. Rh6+ Rh7 $1 33. Rxd6
Rxd6 34. Rxd6 Rxh2 35. Ra6 Nb5 36. Rxa5 Nd4 $1 37. Kb1 Nxb3 38. Rb5 c4 $1 39.
f5 Kg7 40. f6+ Kxf6 41. Rf5+ $1 Ke6 42. Re5+ Kd6 43. Rd5+ Kc6 $1 44. Rd6+ Kc5
45. Rc6+ Kd5 $1 46. Rd6+ Ke4 47. Re6+ Kd3 48. Re3+ Kd2 $1 {
The desperado checks have ended.} 0-1

[Event "Biel"]
[Site "40"]
[Date "2007.07.31"]
[Round "7"]
[White "Van Wely, Loek"]
[Black "Radjabov, Teimour"]
[Result "0-1"]
[WhiteElo "2680"]
[BlackElo "2746"]
[Annotator "JvR"]
[PlyCount "72"]
[EventDate "2007.07.23"]
[SourceDate "2013.10.27"]

1. d4 Nf6 2. c4 g6 3. Nc3 Bg7 4. e4 d6 5. Nf3 O-O 6. Be2 e5 7. O-O Nc6 8. d5
Ne7 9. b4 Nh5 10. Re1 f5 11. Ng5 Nf6 12. f3 Kh8 13. Ne6 Bxe6 14. dxe6 {
This position occurred four times in a game Van Wely - Radjabov.} Nh5 15. c5
Nf4 16. Bc4 fxe4 17. Rxe4 Nf5 18. g3 $5 (18. Bxf4 exf4 19. Nd5 {
happened in the blindfold game Van Wely - Radjabov, Monte Carlo 2007.}) 18...
Nh3+ $1 19. Kg2 Ng5 20. Rg4 Nxf3 21. Kxf3 ({Not} 21. Qxf3 $4 Nh4+) 21... e4+ $1
22. Nxe4 Bxa1 23. Bg5 Ne7+ $1 {The chances are about equal.} 24. Kg2 Be5 {
Loek's computer has analysed this position during the rest day.} 25. Rf4 $1
Bxf4 26. gxf4 $6 ({Better is} 26. Bxf4 $1 d5 27. Qa1+ Kg8 28. Bh6 Nf5 29. e7
Qxe7 30. Bxd5+ Rf7 31. Bg5 Qf8 32. Qe5 h6 {(Radjabov).}) 26... d5 $1 27. f5 $2
{Van Wely has little success with his preparation.} (27. Qa1+ $1 d4 28. Nd6 $1
h6 29. Bxh6 Kh7 $1 30. Bxf8 Qxf8 {almost equalises.}) 27... h6 $3 28. Qd4+ Kh7
$1 29. fxg6+ Kxg6 30. Bxe7 Qxe7 31. Qxd5 Rad8 32. Qe5 Rf5 33. Qc3 Qg7 34. Qg3+
Kh7 35. Qxg7+ Kxg7 36. Kg3 Rd4 {Radjabov and Carlsen joined the lead.} 0-1

[Event "Biel"]
[Site "40"]
[Date "2007.08.01"]
[Round "8"]
[White "Onischuk, Alexander"]
[Black "Avrukh, Boris"]
[Result "1-0"]
[WhiteElo "2650"]
[BlackElo "2645"]
[Annotator "JvR"]
[PlyCount "107"]
[EventDate "2007.07.23"]
[SourceDate "2013.10.27"]

1. d4 Nf6 2. c4 g6 3. Nc3 d5 4. Nf3 Bg7 5. Qb3 dxc4 6. Qxc4 O-O 7. e4 Nc6 8.
Be2 Bg4 9. d5 Na5 10. Qb4 Bxf3 11. Bxf3 c6 12. O-O Qb6 13. Qa4 Nd7 14. Rd1 Rfd8
$5 ({The alternative is} 14... Nc5 15. Qc2 Nc4) 15. Qc2 Rac8 16. Be3 $1 Qb4 $6
({Preferable is} 16... Qc7 17. dxc6 Nxc6) 17. dxc6 bxc6 18. Be2 Nc4 19. Bxc4
Qxc4 20. Rac1 Nb6 21. h3 Bxc3 $6 ({Better is} 21... Rxd1+ 22. Rxd1 c5) 22.
Rxd8+ Rxd8 23. Qxc3 Qxa2 $2 (23... Qxe4 24. Qxc6 Qe5 $1 {defends properly.})
24. b3 $1 Qe2 25. Qe5 $1 Rd1+ 26. Kh2 Rxc1 27. Qxe7 $1 {
This intermediary move wins.} Rh1+ $1 ({Onischuk has calculated} 27... Qd1 28.
Bh6 Qg1+ 29. Kg3 Rc3+ 30. f3 Rxf3+ 31. Kxf3 Qd1+ 32. Kg3 Qe1+ 33. Kh2 {
and White will deliver mate.}) 28. Kxh1 Qd1+ 29. Kh2 Qd7 30. Qf6 $1 Qe6 31.
Qd8+ Kg7 32. Bd4+ f6 33. Qc7+ Nd7 34. Qxa7 {White has gained a pawn.} g5 35.
Qc7 Kg6 36. f3 h5 $5 37. f4 gxf4 38. Qxf4 Kf7 39. b4 Kg6 40. Be3 Qe5 41. Kg3 $1
Qxf4+ 42. Kxf4 {He wins the bishop versus knight ending.} Nf8 43. g4 Ne6+ 44.
Kg3 hxg4 45. Kxg4 Ng7 46. h4 Nh5 47. Bd4 Ng7 48. Bc5 Ne6 ({The pointe is} 48...
Nh5 49. Bf8 $1 {and zugzwang.}) 49. h5+ Kf7 50. h6 $1 Ng5 $5 51. Kf5 Nf3 52.
Bf2 Nd2 53. Bd4 Nc4 54. Bxf6 {Onischuk won a fine game.} 1-0

[Event "Biel"]
[Site "40"]
[Date "2007.08.01"]
[Round "8"]
[White "Pelletier, Yannick"]
[Black "Bu Xiangzhi"]
[Result "1-0"]
[WhiteElo "2591"]
[BlackElo "2685"]
[Annotator "JvR"]
[PlyCount "73"]
[EventDate "2007.07.23"]
[SourceDate "2013.10.27"]

1. d4 d5 2. c4 c6 3. Nf3 Nf6 4. Nc3 dxc4 5. a4 Bf5 6. e3 e6 7. Bxc4 Bb4 8. O-O
Nbd7 9. Qe2 Bg4 10. h3 Bh5 11. Rd1 O-O 12. e4 Qe7 13. g4 Bg6 14. Bd3 h6 15. Bf4
Rac8 $5 16. Rac1 Ba5 $5 17. Bg3 Bb6 18. Bb1 {White has the initiative.} Qb4 19.
Ne5 $1 Rfd8 $6 ({Preferable is} 19... Nxe5 20. dxe5 Ne8 21. Rd7 Rd8 $1 22. Rxd8
Bxd8) 20. Qc4 $1 Qxc4 21. Nxc4 Bc7 22. Bxc7 Rxc7 {Black has a passive position.
} 23. f4 Nb6 24. Ne5 a5 $2 {He blunders a pawn.} ({Right is} 24... Bh7 $1) 25.
Nxg6 fxg6 26. Ba2 $1 Kf7 27. f5 $1 gxf5 28. gxf5 Nh5 29. Bxe6+ Kf8 30. d5 $5
cxd5 31. Nxd5 Rxc1 $5 32. Rxc1 Nxd5 33. exd5 Nf4 34. Rc7 $1 Nxd5 35. Rf7+ Ke8
36. Rxg7 Nf4 37. Rg8+ $1 {Pelletier played his best Biel tournament.} 1-0

[Event "Biel"]
[Site "40"]
[Date "2007.08.01"]
[Round "8"]
[White "Van Wely, Loek"]
[Black "Carlsen, Magnus"]
[Result "1-0"]
[WhiteElo "2680"]
[BlackElo "2710"]
[Annotator "JvR"]
[PlyCount "119"]
[EventDate "2007.07.23"]
[SourceDate "2013.10.27"]

1. d4 Nf6 2. c4 e6 3. Nf3 d5 4. Nc3 Bb4 5. Bg5 O-O 6. e3 c5 7. cxd5 exd5 8. Bd3
c4 9. Bc2 Nbd7 10. O-O Qa5 11. Rc1 Bxc3 12. bxc3 Ne4 13. Bb1 Re8 14. Bf4 Nb6 $5
({More solid is} 14... Nf8) 15. Ne5 f6 16. Qh5 $1 Be6 $2 ({Preferable is} 16...
Re7 $1 17. f3 fxe5 18. Bxe5 Nf6) 17. f3 $1 {Loek charges.} fxe5 18. Bxe5 Bf7
19. Qh3 $1 Nf6 20. Bxf6 gxf6 21. Qh6 $3 (21. Qxh7+ Kf8 22. Rfe1 {
brings little advantage.}) 21... Bg6 22. Bxg6 hxg6 23. Qxg6+ Kf8 24. Qxf6+ Kg8
25. Qg6+ Kf8 26. Qf6+ Kg8 27. e4 $1 {White plays for a win.} Qb5 28. Qg6+ Kf8
29. Qf6+ Kg8 30. Qg6+ Kf8 31. e5 $1 Qc6 32. Qf5+ $5 Ke7 33. Qh7+ Kd8 $1 34. f4
Qd7 35. Qxd7+ $5 Kxd7 $1 36. g4 Rg8 $1 37. h3 Na4 38. Kg2 b5 39. Kg3 a5 40. a3
b4 $1 {Carlsen takes action.} 41. cxb4 axb4 42. axb4 Nb2 43. Rc3 Nd3 44. b5
Rgb8 45. Rb1 Ra5 46. f5 $1 {The pawn avalanche moves forwards.} Raxb5 47. Rxb5
Rxb5 48. e6+ $6 ({Better is} 48. Ra3 $1 Nxe5 $1 49. Ra7+ $1 Kd6 50. dxe5+ Kxe5
51. Re7+ Kd6 52. Re6+ Kd7 53. Kf4 {and White wins (Van Wely).}) 48... Ke7 $6 ({
Or} 48... Kd6 $5 49. Ra3 Nb4 50. g5 Rb8 51. Kg4 Rc8 52. e7 $3 Kxe7 53. f6+ Kf7
54. Ra7+ Ke6 55. Re7+ Kd6 56. g6 Nc6 57. Re1 $1 {and wins (Van Wely).}) 49. Ra3
Rb7 50. g5 Nb4 51. Re3 $1 Nc6 52. f6+ Kd6 53. Kg4 c3 54. e7 c2 55. Rc3 Rb8 56.
Rxc2 Nxd4 57. Rb2 Rc8 58. g6 Ne6 59. Rb6+ Kd7 60. Rb7+ $1 {Carlsen lost the
lead by two successive losses. Onischuk and Radjabov achieved the top
positions.} 1-0

[Event "Biel"]
[Site "40"]
[Date "2007.08.02"]
[Round "9"]
[White "Avrukh, Boris"]
[Black "Grischuk, Alexander"]
[Result "0-1"]
[WhiteElo "2645"]
[BlackElo "2726"]
[Annotator "JvR"]
[PlyCount "108"]
[EventDate "2007.07.23"]
[SourceDate "2013.10.27"]

1. d4 Nf6 2. c4 e6 3. Nf3 d5 4. Nc3 dxc4 5. e4 Bb4 6. Bg5 c5 7. Bxc4 cxd4 8.
Nxd4 Bxc3+ 9. bxc3 Qa5 10. Bb5+ Bd7 11. Bxf6 gxf6 12. Bxd7+ Nxd7 13. O-O a6 14.
Rb1 Qc7 15. Qh5 Ke7 16. Rfd1 b5 $5 17. Rb2 Rac8 18. Rbd2 Nc5 19. Re2 Qf4 20. g3
Qg5 21. Qf3 h5 22. e5 f5 23. c4 bxc4 24. Rc2 Qg4 25. Rxc4 Qxf3 26. Nxf3 Ne4 27.
Rdc1 Rxc4 28. Rxc4 Rb8 29. Rc2 Rb4 30. Kg2 a5 31. Ne1 Rd4 32. f3 Nd2 33. Kf2
Nc4 34. f4 Nb6 35. Nf3 Ra4 36. Rb2 Nd5 37. Rb7+ Ke8 38. Ng5 Rxa2+ 39. Kf3 Ra3+
40. Kf2 Ra2+ 41. Kf3 Nc3 42. Ke3 a4 43. Nxf7 a3 44. Nd6+ Kf8 {
Black has the initiative.} 45. Rf7+ $6 (45. Rb8+ Kg7 46. Kd4 Ne2+ 47. Ke3 {
draws.}) 45... Kg8 46. Ra7 Ra1 47. Kd4 Nd5 48. Nb5 $2 (48. Ra8+ $1 Kh7 49. Nf7
a2 50. Ng5+ Kh6 51. Nxe6 Nb6 52. Ra3 Rd1+ 53. Kc5 Nd7+ 54. Kc6 Nxe5+ 55. fxe5
a1=Q 56. Rxa1 Rxa1 57. Nc7 {achieves equality.}) 48... Nb4 49. Ra8+ Kf7 50. Nc3
a2 51. Ra4 h4 $1 52. Rxb4 $2 ({Better is} 52. Nxa2 $1 Nxa2 53. Ra7+ Kg6 54. Kc5
Rc1+ 55. Kd6 Nc3 56. Kxe6 hxg3 57. hxg3) 52... Rd1+ $1 53. Nxd1 a1=Q+ 54. Nc3
h3 $1 {Grischuk obtained a positive score.} 0-1

[Event "Biel"]
[Site "40"]
[Date "2007.08.02"]
[Round "9"]
[White "Carlsen, Magnus"]
[Black "Radjabov, Teimour"]
[Result "1-0"]
[WhiteElo "2710"]
[BlackElo "2746"]
[Annotator "JvR"]
[PlyCount "55"]
[EventDate "2007.07.23"]
[SourceDate "2013.10.27"]

{Carlsen trailed the leaders by half-a-point, when the last round began. So he
needed a win.} 1. e4 d6 2. d4 Nf6 3. Nc3 e5 4. Nge2 Nbd7 5. g3 c6 6. Bg2 b5 7.
a3 Be7 8. O-O O-O 9. h3 a5 10. g4 Ba6 11. Ng3 b4 12. Nce2 bxa3 $5 ({Theory is} 
12... d5) 13. Rxa3 $1 d5 14. Re3 $1 {Carlsen takes the initiative.} dxe4 15.
Re1 Qc7 16. Nf5 Bd8 $2 ({Preferable is} 16... Rfe8) 17. g5 $1 Nd5 18. Rxe4 f6
19. Neg3 g6 $6 (19... fxg5 20. dxe5 Ne7 {defends properly.}) 20. Nh6+ Kg7 21.
dxe5 fxg5 $6 ({Or} 21... fxe5 $5 22. c4 N5b6) 22. e6 $1 Kxh6 23. e7 $1 Qb6 ({
The pointe is} 23... Nxe7 24. Rxe7 Bxe7 25. Rxe7 Rad8 26. Qd4 {
and White will mate soon (Carlsen).}) 24. exf8=Q+ Nxf8 25. c4 Nf4 26. Qd6 Kg7
27. Bxf4 gxf4 28. Re7+ $1 {The final standings became: Carlsen and Onischuk 51/
2/9, Pelletier, Polgar, Onischuk and Radjabov 5, Bu Xiangzhi, Van Wely,
Motylev and Avrukh 31/2. The leaders had to carry out a playoff.} 1-0

[Event "Biel"]
[Site "40 Playoff"]
[Date "2007.08.02"]
[Round "5"]
[White "Onischuk, Alexander"]
[Black "Carlsen, Magnus"]
[Result "0-1"]
[WhiteElo "2650"]
[BlackElo "2710"]
[Annotator "JvR"]
[PlyCount "84"]
[EventDate "2007.08.02"]
[EventType "blitz"]
[SourceDate "2013.10.27"]

{The playoff started after the last round. Two rapid games were drawn. The
next two blitz games were drawn too. An Armageddon game ended the tournament.
Onischuk got White and five minutes. Carlsen received four minutes and needed
to draw at least.} 1. d4 Nf6 2. Nf3 e6 3. c4 c5 4. Nc3 cxd4 5. Nxd4 Bb4 6. g3
O-O 7. Bg2 d5 8. cxd5 Nxd5 9. Bd2 Bxc3 10. bxc3 e5 11. Nb3 Nc6 12. O-O Nb6 13.
Be3 Qc7 14. Qc2 Be6 15. Rfd1 Nc4 $5 {Magnus has a solid position.} 16. Bc5 $5
Rfd8 17. Qe4 Rac8 18. f4 $6 {Onischuk tries to attack.} f5 $1 19. Qf3 b6 20.
Bf2 e4 $1 21. Qh5 Qf7 22. Qh4 $5 Rxd1+ 23. Rxd1 Nb2 24. Rd6 Nc4 25. Rd1 Nb2 26.
Rc1 $5 {A draw is useless for White.} Na4 27. Nd4 Nxd4 28. Bxd4 Bxa2 29. g4 Be6
30. Rd1 Nb2 31. Ra1 Nc4 32. gxf5 Bxf5 33. Qg5 h6 34. Qg3 Kh7 35. e3 Rc7 36. Kf2
Qg6 $5 37. Qh4 Nb2 38. Bf1 $2 (38. Kg1 Nd3 39. Kh1 {keeps the game going.})
38... Nd3+ $1 39. Bxd3 exd3 40. Rg1 $2 Qxg1+ $1 41. Kxg1 d2 42. Qh5 Bc2 $1 {
Carlsen had won his first great tournament at the age of sixteen.} 0-1

[Event "Biel"]
[Site "41"]
[Date "2008.07.20"]
[Round "1"]
[White "Alekseev, Evgeny"]
[Black "Bacrot, Etienne"]
[Result "1-0"]
[WhiteElo "2708"]
[BlackElo "2691"]
[Annotator "JvR"]
[PlyCount "85"]
[EventDate "2008.07.20"]
[SourceDate "2013.10.27"]

{The forty-first Schachfestival was played from 20 until 31 vii 2008. Six men
carried out two cycles. Sixteen decided games are shown.} 1. d4 d5 2. Nf3 Nf6
3. c4 c6 4. Nc3 a6 5. c5 Nbd7 6. Bf4 Nh5 7. Bd2 Nhf6 8. Qc2 Qc7 9. e4 e5 10.
exd5 cxd5 11. b4 $5 ({Known is} 11. O-O-O) 11... Be7 12. Be2 O-O 13. O-O e4 14.
Ne1 Nb8 15. Qc1 $1 Be6 16. Nc2 $1 Nc6 17. Rb1 Bd8 18. a4 Ne7 19. Bf4 $1 {
He starts the attack.} Qd7 20. b5 Ba5 $5 21. Rb3 $5 Bg4 ({The alternative is} 
21... axb5 $1 22. axb5 Bg4) 22. Bxg4 Nxg4 23. Ne3 Nxe3 24. fxe3 Nf5 25. Ne2
axb5 26. axb5 g6 $5 ({More useful is} 26... Rfc8 $1) 27. Qb2 $5 {
The c-pawn could have advanced at once.} Bd8 28. Rc1 Be7 $2 ({Preferable is} 
28... g5 29. c6 Qe7 30. c7 gxf4 31. cxd8=Q Rfxd8 32. Nxf4 Qg5 {
and White has an edge.}) 29. c6 $1 bxc6 30. bxc6 Qe6 $5 31. c7 $1 Rac8 32. Rb6
Qd7 33. Qb5 Qxb5 34. Rxb5 g5 35. Rxd5 gxf4 36. Rxf5 fxe3 37. Rc6 Ra8 38. Rf1
Rfc8 39. d5 Ra2 40. d6 $1 Bxd6 41. Rxd6 Rxc7 42. Rd8+ Kg7 43. Ng3 {
Alekseev had a fine start.} 1-0